Southville International School and Colleges
Your cart is empty.
  • Cart
  • Lists
    Public lists Eva Luna New books Lux_list list_1
    Your lists Log in to create your own lists
  • Log in to your account
  • Your cookies
  • Search history
Southville International School and Colleges
  • Advanced search
  • Recent comments
  • Most popular
  • Libraries

Log in to your account

Log in with GOOGLE


If you do not have an external account, but do have a local account, you can still log in:

  1. Home
  2. MARC view: What I wear /
Normal view MARC view ISBD view

What I wear / (Record no. 111988)

[ view plain ]
MARC details
000 -LEADER
fixed length control field 00462nam a2200181 a 4500
001 - CONTROL NUMBER
control field 1661
005 - DATE AND TIME OF LATEST TRANSACTION
control field 20140414131925.0
008 - FIXED-LENGTH DATA ELEMENTS--GENERAL INFORMATION
fixed length control field 000817s19uu xx 00 eng d
020 ## - INTERNATIONAL STANDARD BOOK NUMBER
International Standard Book Number 1-85534-167-0
050 ## - LIBRARY OF CONGRESS CALL NUMBER
Classification number ER
Item number W55 1996
100 ## - MAIN ENTRY--PERSONAL NAME
Personal name Wolff, Margaret
245 ## - TITLE STATEMENT
Title What I wear /
Statement of responsibility, etc Margaret Wolff.
260 ## - PUBLICATION, DISTRIBUTION, ETC. (IMPRINT)
Place of publication, distribution, etc Scotland :
Name of publisher, distributor, etc Geddes & Gorsset,
Date of publication, distribution, etc 1996.
300 ## - PHYSICAL DESCRIPTION
Extent 1 v. p. : ill. ; cm.
440 ## - SERIES STATEMENT/ADDED ENTRY--TITLE
Title Books for Me.
650 ## - SUBJECT ADDED ENTRY--TOPICAL TERM
Topical term or geographic name as entry element Clothes.
Holdings
Withdrawn status Lost status Damaged status Use restrictions Home library Current library Shelving location Date acquired Source of acquisition Total Checkouts Full call number Barcode Date last seen Price effective from Koha item type
        Munich Library Munich Library Easy Reading Section 12/29/2004     ER W55 1996 M2972 04/14/2014 04/14/2014 Books

What I wear /

APA

Wolff M., . (1996). What I wear. Scotland: Geddes & Gorsset.

Chicago

Wolff Margaret, . 1996. What I wear. Scotland: Geddes & Gorsset.

Harvard

Wolff M., . (1996). What I wear. Scotland: Geddes & Gorsset.

MLA

Wolff Margaret, . What I wear. Scotland: Geddes & Gorsset. 1996.

  • Place hold
  • Print
  • Cite
  • Add to your cart (remove)
  • Save record
    BIBTEX Dublin Core MARCXML MARC (non-Unicode/MARC-8) MARC (Unicode/UTF-8) MARC (Unicode/UTF-8, Standard) MODS (XML) RIS
  • More searches
    Search for this title in:
    Other Libraries (WorldCat) Other Databases (Google Scholar) Online Stores (Bookfinder.com) Open Library (openlibrary.org)

Exporting to Dublin Core...

SOUTHVILLE LIBRARY

Southville International School and Colleges Library

1281 Tropical Ave. Cor. Luxembourg St., BF Homes International, Las Pinas City

Tel. No. 8256374 / 252358 Loc. 117/146

Powered by Koha